| 000 | 00640nam a22001937a 4500 | ||
|---|---|---|---|
| 005 | 20140521120344.0 | ||
| 010 | _aB-521560-562 | ||
| 020 |
_a9788190782982 _c195.00 |
||
| 035 | _aB-521697-703 | ||
| 037 |
_adpl _bBlueberry/Ven |
||
| 082 | _aS | ||
| 100 | _aLondon, Jack | ||
| 245 |
_aThe Call of the Wild/ _cby Jack, London |
||
| 260 |
_aNew Delhi _bKalyani Navyug Media _c2010 |
||
| 270 |
_a101 C, Shiv House, Hari Nagar Ashram _bNew Delhi _e110014 |
||
| 300 |
_a68p.: _bcol.ill. _c25cm(pbk) |
||
| 942 |
_2ddc _cCH _hS _mLON |
||
| 999 |
_c84395 _d84395 |
||